Ferro-carril de Zaragoza a Barcelona : (Record no. 153035)

MARC details
000 -LEADER
campo de control de longitud fija 00880nam a2200181 i 4500
001 - NÚMERO DE CONTROL
campo de control 153035
003 - IDENTIFICADOR DE NÚMERO DE CONTROL
campo de control ES-MaACL
005 - FECHA Y HORA DE LA ÚLTIMA TRANSACCIÓN
campo de control 20230906205007.0
008 - DATOS DE LONGITUD FIJA--INFORMACIÓN GENERAL
campo de control de longitud fija 170803s1864 sp |||| | spa d
080 ## - NÚMERO DE LA CLASIFICACIÓN DECIMAL UNIVERSAL
Número de la Clasificación Decimal Universal 338.47(460):656.2
110 2# - ENTRADA PRINCIPAL--NOMBRE DE ENTIDAD CORPORATIVA
Nombre de entidad corporativa o nombre de jurisdicción como elemento de entrada Sociedad Ferro-carril de Zaragoza a Barcelona.
9 (RLIN) 134895
245 10 - MENCIÓN DEL TÍTULO
Título Ferro-carril de Zaragoza a Barcelona :
Resto del título Junta General Ordinaria de 22 de mayo de 1864.
260 ## - PUBLICACIÓN, DISTRIBUCIÓN, ETC.
Lugar de publicación, distribución, etc. Barcelona :
Nombre del editor, distribuidor, etc. [s.n.],
Fecha de publicación, distribución, etc. 1864 (
Fabricante Est. tip. de Narciso Ramírez)
300 ## - DESCRIPCIÓN FÍSICA
Extensión 36 p., [2] h. pleg., XXII p. ;
Dimensiones 23 cm.
505 8# - NOTA DE CONTENIDO CON FORMATO
Nota de contenido con formato Contiene: Memoria del Consejo de Administración . Reseña de la sesión con las resoluciones acordadas . Balances de 1863 . Estado de gastos . Estados de explotación de 1863.
650 #4 - PUNTO DE ACCESO ADICIONAL DE MATERIA--TÉRMINO DE MATERIA
Término de materia o nombre geográfico como elemento de entrada Transportes ferroviarios-
Subdivisión geográfica España.
9 (RLIN) 149654
852 4# - LOCALIZACIÓN
Ubicación ES-MaACL
Número de control de estantería T-62-F-3
Nota libre - Enc. hol., falto de cub. original
-- - Enc. en un vol. facticio
Holdings
Estatus retirado Estado de pérdida Estado de daño No para préstamo Colección Biblioteca de origen Biblioteca actual Ubicación en estantería Fecha de adquisición Fuente de adquisición Total de préstamos Signatura topográfica completa Código de barras Visto por última vez Precio de reemplazo Tipo de ítem Koha
        Colección de folletos Biblioteca del Ateneo de Madrid Biblioteca del Ateneo de Madrid Depósito folletos 03/08/2017     T-62-F-3 1197918 23/02/2023 23/02/2023 Folleto